Movies Quiz

Random Movies or Pixar Quiz

Pixar Movies by Opening Scene Quiz Stats

Quiz Updated Jan 11, 2018

Also try: Disney Songs
Challenge
Share
Tweet
Score 0/19 Timer 03:00
2 Plays Today
% Correct
Finding Nemo
96.8%
Cars
95.9%
Up
91%
A Bug's Life
90.2%
Brave
89.2%
Ratatouille
88.7%
Toy Story 2
88.2%
The Incredibles
87.9%
Cars 3
82.2%
Finding Dory
81.6%
% Correct
Toy Story
81.5%
Inside Out
77.1%
Toy Story 3
76.1%
WALL·E
75%
Monsters University
74.7%
Monsters, Inc.
65.2%
Cars 2
63.6%
The Good Dinosaur
61.7%
Coco
60.4%

You're not logged in!

Compare scores with friends on all Sporcle quizzes.
Sign Up with Email
OR
Log In

You Might Also Like...

Show Comments

Extras

Top Quizzes Today


Score Distribution

Your Account Isn't Verified!

In order to create a playlist on Sporcle, you need to verify the email address you used during registration. Go to your Sporcle Settings to finish the process.